000 00349nam a2200133Ia 4500
008 240624s9999 xx 000 0 und d
041 _aeng
082 _a339.46095 BAU
100 _aBAULCH BOB
245 _aWHY POVERTY PERSISTS POVERTY DYNAMICS IN
260 _c2011
_aUK
_bEdward Elgar
300 _axiii, : 283 : p. : cm. ; 23
365 _cBPS
_b38
999 _c28415
_d28415